Misterioso / (Record no. 192161)
[ view plain ]
| 000 -LEADER | |
|---|---|
| campo de control de longitud fija | 01108cam a2200325 i 4500 |
| 001 - NÚMERO DE CONTROL | |
| campo de control | 192161 |
| 003 - IDENTIFICADOR DE NÚMERO DE CONTROL | |
| campo de control | SpMaBN |
| 005 - FECHA Y HORA DE LA ÚLTIMA TRANSACCIÓN | |
| campo de control | 20250911062700.0 |
| 008 - DATOS DE LONGITUD FIJA--INFORMACIÓN GENERAL | |
| campo de control de longitud fija | 221107s2010 sp | |||| 000 f spa |
| 017 ## - NÚMERO DE COPYRIGHT O DE DEPÓSITO LEGAL | |
| Número de copyright o de depósito legal | B 22976-2010 |
| Agencia que asigna | Oficina Depósito Legal Barcelona |
| 020 ## - NÚMERO INTERNACIONAL ESTÁNDAR DEL LIBRO | |
| Número Internacional Estándar del Libro | 978-84-233-4265-5 |
| 040 ## - FUENTE DE CATALOGACIÓN | |
| Centro catalogador/agencia de origen | SpMaBN |
| Lengua de catalogación | spa |
| Centro/agencia transcriptor | SpMaBN |
| Normas de descripción | rdc |
| 080 ## - NÚMERO DE LA CLASIFICACIÓN DECIMAL UNIVERSAL | |
| Número de la Clasificación Decimal Universal | 821.113.6-31"19" |
| 100 1# - ENTRADA PRINCIPAL--NOMBRE DE PERSONA | |
| Nombre de persona | Dahl, Arne, |
| Fechas asociadas al nombre | 1963- |
| Término indicativo de función/relación | Autor |
| 9 (RLIN) | 175761 |
| 245 10 - MENCIÓN DEL TÍTULO | |
| Título | Misterioso / |
| Mención de responsabilidad, etc. | Arne Dahl ; traducción de Cristina Cerezo Silva y Martin Lexell. |
| 250 ## - MENCION DE EDICION | |
| Mención de edición | 1ª ed. |
| 260 ## - PUBLICACIÓN, DISTRIBUCIÓN, ETC. | |
| Lugar de publicación, distribución, etc. | Barcelona : |
| Nombre del editor, distribuidor, etc. | Destino, |
| Fecha de publicación, distribución, etc. | 2010. |
| 300 ## - DESCRIPCIÓN FÍSICA | |
| Extensión | 492 páginas ; |
| Dimensiones | 23 cm. |
| 490 1# - MENCIÓN DE SERIE | |
| Mención de serie | Áncora y delfín |
| Designación de volumen o secuencia | ; 1181 |
| 655 #0 - TERMINO DE INDIZACIÓN--GENERO/FORMA | |
| Datos o término principal de género/forma | Novelas |
| 9 (RLIN) | 234319 |
| 700 0# - ENTRADA AGREGADA--NOMBRE PERSONAL | |
| 9 (RLIN) | 37512 |
| Nombre de persona | Cerezo Silva, Cristina |
| Término indicativo de función/relación | Traductor |
| 700 1# - ENTRADA AGREGADA--NOMBRE PERSONAL | |
| 9 (RLIN) | 234915 |
| Nombre de persona | Lexell, Martin, |
| Fechas asociadas al nombre | 1961- |
| Término indicativo de función/relación | Traductor |
| 830 #0 - PUNTO DE ACCESO ADICIONAL DE SERIE-TÍTULO UNIFORME | |
| Título uniforme | Áncora y Delfín |
| Designación de volumen o secuencia | 1181 |
| 9 (RLIN) | 151298 |
| 852 4# - LOCALIZACIÓN | |
| Ubicación | ES-MaACL |
| Número de control de estantería | N-8055 |
| itemnumber | 199443 |
| Sublocalización o colección | R. 152491 |
| Ubicación en estantería | Depósito J |
| Donativo/Legado | Donación: José Lázaro García |
| 903 ## - NOMBRE PERSONAL DE DONANTE | |
| 9 | 234219 |
| a | Lázaro García, José |
| e | Donante |
| 942 ## - ELEMENTOS DE ENTRADA SECUNDARIOS (KOHA) | |
| Tipo de ítem Koha | Libro impreso |
| Suprimir en OPAC | No |
| Estatus retirado | Estado de pérdida | Fuente del sistema de clasificación o colocación | Estado de daño | No para préstamo | Biblioteca de origen | Biblioteca actual | Ubicación en estantería | Fecha de adquisición | Fuente de adquisición | Total de préstamos | Signatura topográfica completa | Código de barras | Visto por última vez | Tipo de ítem Koha |
|---|---|---|---|---|---|---|---|---|---|---|---|---|---|---|
| Clasificación decimal universal | Biblioteca del Ateneo de Madrid | Biblioteca del Ateneo de Madrid | Depósito J | 07/11/2022 | Donación | N-8055 | 101206498 | 23/02/2023 | Libro impreso |
